| 000 | 00664nam a2200193Ii 4500 | ||
|---|---|---|---|
| 003 | JO-AjNU | ||
| 008 | 230605s9999||||xx |||||||||||||| ||und|| | ||
| 040 |
_aJO-AjNU _bara _erda _cJO-AjNU |
||
| 041 | _aara | ||
| 050 | 1 | 4 | _aPJ6071.S2478 2009 |
| 100 | 3 |
_aتاليف الصالح، صبحي, _eauthor _926500 |
|
| 245 | 0 | 0 | _aدراسات في فقة اللغة |
| 264 | 3 | 1 | _aبيروت: دار العلم للملايين، 2009 |
| 300 | _a400ص | ||
| 336 |
_atext _btxt _2rdacontent |
||
| 337 |
_aunmediated _bn _2rdamedia |
||
| 338 |
_avolume _bnc _2rdacarrier |
||
| 650 | 4 |
_aاللغة العربية-فقة اللغة-دراسات في فقة اللغة _926501 |
|
| 999 |
_aA10048 _c13616 _d13616 |
||